[Event "?"]
[Site "?"]
[Date "????.??.??"]
[Round "?"]
[White "Pushkov, N."]
[Black "Trapl, J."]
[Result "1-0"]
[WhiteElo "2468"]
[BlackElo "2345"]
[PlyCount "59"]
[EventDate "2010.??.??"]
[WhiteTeam "Russland"]
[BlackTeam "Tschechien"]
[WhiteTeamCountry "RUS"]
[BlackTeamCountry "CZE"]

1. Nf3 g6 2. c4 Bg7 3. e4 e5 4. d4 exd4 5. Nxd4 Nc6 6. Nxc6 bxc6 7. Be2 Ne7 8.
O-O O-O 9. Nc3 d6 10. Bg5 h6 11. Bh4 g5 12. Bg3 Ng6 13. Bg4 Rb8 14. Bxc8 Qxc8
15. Qd2 Qe6 16. b3 h5 17. h3 h4 18. Bh2 g4 19. hxg4 Qxg4 20. f3 Qh5 21. Rae1 f5
22. exf5 Rxf5 23. Ne4 Rbf8 24. Nf2 c5 25. Nh3 Bd4+ 26. Kh1 Ne5 27. Bxe5 Bxe5
28. Re4 R8f7 29. Rfe1 Rg7 30. f4 1-0

[Event "?"]
[Site "?"]
[Date "????.??.??"]
[Round "?"]
[White "Uhlmann, W."]
[Black "Danner, G."]
[Result "1-0"]
[WhiteElo "2412"]
[BlackElo "2429"]
[PlyCount "79"]
[EventDate "2010.??.??"]
[WhiteTeam "Deutschland"]
[BlackTeam "Österreich"]
[WhiteTeamCountry "GER"]
[BlackTeamCountry "AUT"]

1. c4 Nf6 2. Nc3 e6 3. Nf3 Bb4 4. Qc2 O-O 5. g3 Nc6 6. a3 Bxc3 7. Qxc3 d6 8. b4
e5 9. Bg2 a5 10. b5 Nb8 11. O-O Nbd7 12. d3 Qe7 13. Nd2 Nc5 14. e3 Bf5 15. e4
Bd7 16. f4 Ne6 17. Nf3 exf4 18. gxf4 Nh5 19. f5 Nef4 20. Ra2 f6 21. Ne1 Nxg2
22. Rxg2 g5 23. h4 h6 24. Nf3 Kf7 25. hxg5 hxg5 26. c5 Rg8 27. Nh2 Kf8 28. cxd6
cxd6 29. a4 Qe5 30. Qb3 Be8 31. Ng4 Qc5+ 32. Be3 Qc7 33. Qb2 Qe7 34. Bd4 Nf4
35. Bxf6 Qh7 36. Rh2 Nh3+ 37. Kg2 Qh4 38. Rxh3 Qxg4+ 39. Rg3 Qh4 40. Qd4 1-0

[Event "?"]
[Site "?"]
[Date "????.??.??"]
[Round "?"]
[White "Wittmann, W."]
[Black "Hecht, H."]
[Result "1/2-1/2"]
[WhiteElo "2294"]
[BlackElo "2381"]
[PlyCount "39"]
[EventDate "2010.??.??"]
[WhiteTeam "Österreich"]
[BlackTeam "Deutschland"]
[WhiteTeamCountry "AUT"]
[BlackTeamCountry "GER"]

1. e4 e5 2. Nf3 Nc6 3. Bb5 f5 4. Nc3 fxe4 5. Nxe4 Nf6 6. Nxf6+ Qxf6 7. O-O Be7
8. d3 Nd4 9. Nxd4 exd4 10. Qh5+ g6 11. Qh6 c6 12. Re1 Kf7 13. Ba4 d5 14. Bd2
Bf8 15. Qf4 Qxf4 16. Bxf4 Bg7 17. Be5 Bxe5 18. Rxe5 Bd7 19. Rae1 Rhe8 20. Rxe8
1/2-1/2

[Event "?"]
[Site "?"]
[Date "????.??.??"]
[Round "?"]
[White "Klundt, K."]
[Black "Roth, P."]
[Result "1/2-1/2"]
[WhiteElo "2340"]
[BlackElo "2263"]
[PlyCount "78"]
[EventDate "2010.??.??"]
[WhiteTeam "Deutschland"]
[BlackTeam "Österreich"]
[WhiteTeamCountry "GER"]
[BlackTeamCountry "AUT"]

1. e4 e6 2. d4 d5 3. Nd2 dxe4 4. Nxe4 Bd7 5. Nf3 Bc6 6. Bd3 Nd7 7. O-O Be7 8.
Re1 Bxe4 9. Bxe4 c6 10. c3 Ngf6 11. Bc2 Qc7 12. Bg5 a6 13. Qe2 Rd8 14. Rad1 O-O
15. Ne5 c5 16. Nxd7 Rxd7 17. dxc5 Rxd1 18. Rxd1 Qxc5 19. Bxf6 Bxf6 20. Qe4 g6
21. Qxb7 Qa5 22. Bb3 Rd8 23. Rxd8+ Qxd8 24. Bc4 a5 25. Qf3 Be7 26. Qe2 Qb6 27.
a3 Qc5 28. g3 Kg7 29. Qe4 Qb6 30. Qe5+ Bf6 31. Qb5 Qd8 32. Bd3 Qd6 33. Kf1 Bd8
34. Ke2 Bb6 35. Be4 Qc7 36. Bc6 Qa7 37. Qe5+ Kg8 38. Qf4 Bc7 39. Qc4 Bb6
1/2-1/2

[Event "?"]
[Site "?"]
[Date "????.??.??"]
[Round "?"]
[White "Kwatschewsky, L."]
[Black "Haakert, J."]
[Result "1-0"]
[WhiteElo "2233"]
[BlackElo "2392"]
[PlyCount "91"]
[EventDate "2010.??.??"]
[WhiteTeam "Österreich"]
[BlackTeam "Deutschland"]
[WhiteTeamCountry "AUT"]
[BlackTeamCountry "GER"]

1. e4 c5 2. Nf3 g6 3. c3 d5 4. exd5 Qxd5 5. d4 Bg7 6. Be2 Nh6 7. O-O O-O 8.
dxc5 Qxc5 9. Be3 Qc7 10. Qc1 Nf5 11. Na3 Nxe3 12. Qxe3 Nc6 13. Nb5 Qb8 14. a4
a6 15. Nbd4 Nxd4 16. Nxd4 Qc7 17. a5 Bd7 18. Rfe1 Rfe8 19. b4 Rac8 20. c4 Qd6
21. Red1 Qxb4 22. Nc2 Qc5 23. Rxd7 Bxa1 24. Nxa1 Qxa5 25. Nb3 Qb4 26. c5 Rcd8
27. Qd3 Rxd7 28. Qxd7 Kf8 29. Qd1 a5 30. Qd5 a4 31. Nd2 Rc8 32. Ne4 Qb2 33. Bc4
e6 34. Qd7 Rc6 35. Nd6 Qc1+ 36. Bf1 Qf4 37. g3 Qf3 38. Qd8+ Kg7 39. Ne8+ Kf8
40. Bg2 Qc3 41. Bxc6 Qe1+ 42. Kg2 bxc6 43. Nc7+ Kg7 44. Qd4+ e5 45. Qxa4 e4 46.
Qd4+ 1-0

[Event "?"]
[Site "?"]
[Date "????.??.??"]
[Round "?"]
[White "Dueckstein, A."]
[Black "Stepak, Y."]
[Result "1-0"]
[WhiteElo "2227"]
[BlackElo "2238"]
[PlyCount "83"]
[EventDate "2010.??.??"]
[WhiteTeam "Wien 1"]
[BlackTeam "Israel"]
[BlackTeamCountry "ISR"]

1. e4 c5 2. Nf3 e6 3. d4 cxd4 4. Nxd4 a6 5. Be3 Nf6 6. Bd3 Qc7 7. c4 d6 8. Nc3
Nbd7 9. Rc1 Be7 10. O-O O-O 11. f4 b6 12. g4 Nc5 13. g5 Ng4 14. Qxg4 Nxd3 15.
Rc2 e5 16. Nf5 exf4 17. Nd5 Bxf5 18. exf5 Qd7 19. Bd4 Ne5 20. Qxf4 Bd8 21. Rg2
f6 22. gxf6 Bxf6 23. Nxb6 Qb7 24. Nxa8 Qxa8 25. Bc3 Re8 26. Rd2 Qc6 27. b3 h6
28. Rd5 Bg5 29. Qg3 Bf6 30. Rfd1 Qc8 31. Rxd6 Bh4 32. Qg2 Qxf5 33. Rf1 Qh5 34.
Rd5 Kh8 35. Bxe5 Rxe5 36. Rf8+ Kh7 37. Qc2+ g6 38. Rf7+ Kg8 39. Rxe5 Qg4+ 40.
Qg2 Qd4+ 41. Kh1 Kxf7 42. Qd5+ 1-0

[Event "?"]
[Site "?"]
[Date "????.??.??"]
[Round "?"]
[White "Peretz, M."]
[Black "Strobel, F."]
[Result "1/2-1/2"]
[WhiteElo "2268"]
[BlackElo "2148"]
[PlyCount "24"]
[EventDate "2010.??.??"]
[WhiteTeam "Israel"]
[BlackTeam "Wien 1"]
[WhiteTeamCountry "ISR"]

1. e4 d6 2. d4 Nf6 3. Nc3 g6 4. f4 Bg7 5. Nf3 c5 6. e5 Nfd7 7. exd6 O-O 8. Be2
exd6 9. O-O Nc6 10. dxc5 dxc5 11. Be3 Qa5 12. Qd2 Nb6 1/2-1/2

[Event "?"]
[Site "?"]
[Date "????.??.??"]
[Round "?"]
[White "Westerinen, H."]
[Black "Ager, J."]
[Result "1-0"]
[WhiteElo "2333"]
[BlackElo "2223"]
[PlyCount "75"]
[EventDate "2010.??.??"]
[WhiteTeam "Finnland"]
[BlackTeam "Salzburg"]
[WhiteTeamCountry "FIN"]

1. e4 e5 2. Nf3 Nc6 3. Bb5 Nf6 4. d3 d6 5. a4 Bd7 6. O-O g6 7. a5 Bg7 8. a6 b6
9. c4 O-O 10. Nc3 Nb8 11. Bxd7 Nbxd7 12. b4 Re8 13. Re1 Nf8 14. b5 Ne6 15. Na2
Nd7 16. Nb4 Ndc5 17. Ra3 Qd7 18. Bb2 Bh6 19. d4 exd4 20. Nxd4 Bg7 21. f3 f5 22.
Rae3 fxe4 23. fxe4 Ng5 24. Qc2 Nf7 25. Ndc6 Ne5 26. Bxe5 dxe5 27. Rd1 Qg4 28.
Nd5 Ne6 29. Qe2 Qh4 30. Rh3 Qg5 31. Rg3 Qh4 32. Qg4 Qxg4 33. Rxg4 Rf8 34. Rf1
Rxf1+ 35. Kxf1 Bf8 36. Nxe5 Bd6 37. Nc6 Kg7 38. e5 1-0

[Event "?"]
[Site "?"]
[Date "????.??.??"]
[Round "?"]
[White "Winiwarter, F."]
[Black "Hurme, H."]
[Result "0-1"]
[WhiteElo "2195"]
[BlackElo "2343"]
[PlyCount "68"]
[EventDate "2010.??.??"]
[WhiteTeam "Salzburg"]
[BlackTeam "Finnland"]
[BlackTeamCountry "FIN"]

1. e4 c5 2. Nf3 Nc6 3. d4 cxd4 4. Nxd4 g6 5. Nc3 Bg7 6. Be3 Nf6 7. Be2 O-O 8.
Nb3 a5 9. a4 d6 10. f4 Be6 11. O-O Qc8 12. Kh1 Nb4 13. Qd2 Bc4 14. Rae1 d5 15.
e5 Ne4 16. Nxe4 dxe4 17. Nxa5 Bxe2 18. Rxe2 Qxc2 19. Nxb7 Qxd2 20. Bxd2 Rfb8
21. Bxb4 Rxb7 22. Bc3 Rxa4 23. g3 f6 24. f5 gxf5 25. Rxf5 e6 26. Rf4 f5 27. g4
Bh6 28. Rf1 f4 29. g5 f3 30. Rd2 Bxg5 31. Rg1 Rg7 32. Rd4 Rxd4 33. Bxd4 e3 34.
Ra1 Rd7 0-1

[Event "?"]
[Site "?"]
[Date "????.??.??"]
[Round "?"]
[White "Havansi, E."]
[Black "Woeber, F."]
[Result "1/2-1/2"]
[WhiteElo "2240"]
[BlackElo "2185"]
[PlyCount "31"]
[EventDate "2010.??.??"]
[WhiteTeam "Finnland"]
[BlackTeam "Salzburg"]
[WhiteTeamCountry "FIN"]

1. c4 Nf6 2. g3 g6 3. b3 Bg7 4. Bb2 O-O 5. Bg2 d6 6. d4 e5 7. dxe5 Ng4 8. Nf3
dxe5 9. Qxd8 Rxd8 10. h3 e4 11. Bxg7 exf3 12. Bxf3 Nxf2 13. Kxf2 Kxg7 14. Nc3
c6 15. Rad1 Rf8 16. Rd6 1/2-1/2

[Event "?"]
[Site "?"]
[Date "????.??.??"]
[Round "?"]
[White "Hackbarth, W."]
[Black "Saren, I."]
[Result "1/2-1/2"]
[WhiteElo "2136"]
[BlackElo "2207"]
[PlyCount "25"]
[EventDate "2010.??.??"]
[WhiteTeam "Salzburg"]
[BlackTeam "Finnland"]
[BlackTeamCountry "FIN"]

1. c4 Nf6 2. d4 e6 3. Nf3 b6 4. e3 Bb7 5. Bd3 Be7 6. O-O O-O 7. Nc3 d5 8. Qe2
Nbd7 9. b3 c5 10. Rd1 Rc8 11. Bb2 Qc7 12. Rac1 Qb8 13. cxd5 1/2-1/2

[Event "?"]
[Site "?"]
[Date "????.??.??"]
[Round "?"]
[White "Vucenovic, D."]
[Black "Svensson, L."]
[Result "1/2-1/2"]
[WhiteElo "2288"]
[BlackElo "2263"]
[PlyCount "85"]
[EventDate "2010.??.??"]
[WhiteTeam "Schweiz"]
[BlackTeam "Schweden 1"]
[WhiteTeamCountry "SUI"]

1. d4 d5 2. Nf3 Bf5 3. g3 e6 4. Bg2 Nd7 5. O-O Ngf6 6. Nbd2 Be7 7. b3 Ne4 8.
Bb2 O-O 9. c4 c6 10. a3 Rc8 11. Re1 Bf6 12. Rc1 c5 13. e3 Qa5 14. cxd5 exd5 15.
Nxe4 Bxe4 16. Ne5 Bxe5 17. dxe5 Bxg2 18. Kxg2 c4 19. Qg4 Nc5 20. Red1 h5 21.
Qf5 Ne6 22. b4 Qb5 23. Qxh5 a5 24. Bc3 axb4 25. axb4 Rfd8 26. h4 Ra8 27. Ra1
Rxa1 28. Rxa1 d4 29. exd4 Nxd4 30. Bxd4 Qd5+ 31. Qf3 Qxd4 32. Ra3 b5 33. Re3
Qd5 34. Qxd5 Rxd5 35. e6 Kf8 36. exf7 Kxf7 37. Ra3 Ke6 38. Kf3 Kd6 39. Ke4 Rd2
40. f3 Re2+ 41. Kd4 Rd2+ 42. Ke4 Re2+ 43. Kd4 1/2-1/2

[Event "?"]
[Site "?"]
[Date "????.??.??"]
[Round "?"]
[White "Nordstrom, F."]
[Black "Bhend, E."]
[Result "1/2-1/2"]
[WhiteElo "2191"]
[BlackElo "2208"]
[PlyCount "45"]
[EventDate "2010.??.??"]
[WhiteTeam "Schweden 1"]
[BlackTeam "Schweiz"]
[BlackTeamCountry "SUI"]

1. e4 c5 2. Nf3 Nc6 3. d4 cxd4 4. Nxd4 e5 5. Nb5 d6 6. c4 Be7 7. N1c3 a6 8. Na3
Be6 9. Be2 Bg5 10. Nc2 Bxc1 11. Rxc1 Nge7 12. O-O Ng6 13. Nd5 O-O 14. Qd2 Rc8
15. Rfd1 Qh4 16. Qe3 Rfd8 17. g3 Qh3 18. b4 f5 19. exf5 Bxf5 20. Bf1 Qh5 21.
Be2 Qh3 22. Bf1 Qh5 23. Be2 1/2-1/2

[Event "?"]
[Site "?"]
[Date "????.??.??"]
[Round "?"]
[White "Illi, H."]
[Black "Hallerod, R."]
[Result "1/2-1/2"]
[WhiteElo "2134"]
[BlackElo "2165"]
[PlyCount "96"]
[EventDate "2010.??.??"]
[WhiteTeam "Schweiz"]
[BlackTeam "Schweden 1"]
[WhiteTeamCountry "SUI"]

1. d4 d5 2. Nf3 Bf5 3. c3 e6 4. Qb3 b6 5. Bf4 Bd6 6. Bg3 Ne7 7. e3 O-O 8. Be2
c5 9. O-O Bxg3 10. hxg3 Nbc6 11. Nh4 Qc7 12. Nd2 c4 13. Qa3 h6 14. Nxf5 Nxf5
15. b3 b5 16. bxc4 bxc4 17. Bf3 Nd6 18. e4 dxe4 19. Nxe4 Nxe4 20. Bxe4 Rab8 21.
Qc5 Rfc8 22. Rab1 Rb6 23. Rxb6 axb6 24. Qxc4 Ne7 25. Qxc7 Rxc7 26. Rc1 Nc8 27.
Kf1 Kf8 28. Ke2 Ke7 29. Kd2 Kd6 30. Rb1 Ra7 31. Rb2 Kc7 32. Bd3 Ra5 33. g4 e5
34. Ke3 Nd6 35. Rc2 g6 36. c4 exd4+ 37. Kxd4 Nb7 38. Re2 Kd8 39. f3 Nc5 40. Bb1
Ne6+ 41. Kc3 Nf4 42. Rb2 Kc7 43. Kb4 Re5 44. Be4 h5 45. gxh5 f5 46. Bb1 gxh5
47. g4 fxg4 48. fxg4 Ng6 1/2-1/2

[Event "?"]
[Site "?"]
[Date "????.??.??"]
[Round "?"]
[White "Böhnisch, M."]
[Black "Sloth, J."]
[Result "1/2-1/2"]
[WhiteElo "2337"]
[BlackElo "2300"]
[PlyCount "59"]
[EventDate "2010.??.??"]
[WhiteTeam "Leipzig"]
[BlackTeam "Dänemark 1"]

1. e4 e6 2. d4 d5 3. exd5 exd5 4. Nf3 Bg4 5. h3 Bh5 6. g4 Bg6 7. Ne5 Bd6 8.
Nxg6 hxg6 9. Bg2 c6 10. Qe2+ Qe7 11. Qxe7+ Nxe7 12. Be3 Na6 13. Nd2 Nb4 14. Kd1
f6 15. a3 Na6 16. c4 Rd8 17. Kc2 g5 18. Rae1 Kf7 19. Re2 dxc4 20. Nxc4 Bc7 21.
Rhe1 Nd5 22. b4 Rd7 23. Bc1 Bf4 24. Bb2 Nac7 25. Na5 Nb5 26. Nb3 Bd6 27. Bc1
Re7 28. Rxe7+ Bxe7 29. Bf1 Rd8 30. Bc4 1/2-1/2

[Event "?"]
[Site "?"]
[Date "????.??.??"]
[Round "?"]
[White "Kolbak, J."]
[Black "Weber, B."]
[Result "0-1"]
[WhiteElo "2344"]
[BlackElo "2139"]
[PlyCount "82"]
[EventDate "2010.??.??"]
[WhiteTeam "Dänemark 1"]
[BlackTeam "Leipzig"]

1. f4 d5 2. Nf3 Nf6 3. e3 Bg4 4. Be2 Bxf3 5. Bxf3 c6 6. O-O Nbd7 7. d4 e6 8. c3
Bd6 9. Nd2 Qc7 10. Qe2 O-O-O 11. c4 h6 12. c5 Be7 13. g3 g6 14. Bg2 g5 15. b4
h5 16. b5 h4 17. bxc6 Qxc6 18. e4 hxg3 19. hxg3 Rdg8 20. exd5 Nxd5 21. Ne4 Rg7
22. a4 Rgh7 23. Qb5 Nb8 24. Bd2 a6 25. Qe2 f5 26. Nf2 Rh2 27. Nd3 Bf6 28. Ne5
Bxe5 29. fxe5 Nd7 30. Bxg5 R2h5 31. Bh4 Nf8 32. Rab1 Ng6 33. Rb6 Qe8 34. Bxd5
exd5 35. c6 Nxh4 36. cxb7+ Kc7 37. b8=Q+ Qxb8 38. Rxb8 Nf3+ 39. Rxf3 Rh1+ 40.
Kf2 R8h2+ 41. Ke3 Rxe2+ 0-1

[Event "?"]
[Site "?"]
[Date "????.??.??"]
[Round "?"]
[White "Böhlig, H."]
[Black "Sorensen, B."]
[Result "1/2-1/2"]
[WhiteElo "2242"]
[BlackElo "2240"]
[PlyCount "95"]
[EventDate "2010.??.??"]
[WhiteTeam "Leipzig"]
[BlackTeam "Dänemark 1"]

1. Nf3 Nf6 2. c4 e6 3. g3 d5 4. Bg2 dxc4 5. Qa4+ Nbd7 6. Qxc4 a6 7. Qc2 Bd6 8.
d4 c5 9. O-O O-O 10. Nc3 Qe7 11. dxc5 Bxc5 12. e4 e5 13. Bg5 Qe6 14. Rad1 h6
15. Bxf6 Nxf6 16. Nd5 Bd6 17. Nd2 Nxd5 18. exd5 Qe7 19. Nc4 Bg4 20. Rc1 Rac8
21. Qb3 Bc5 22. Rfe1 Qf6 23. Ne3 Bf3 24. Bxf3 Qxf3 25. Qd1 Qf6 26. Ng4 Qb6 27.
Qe2 Rfe8 28. Ne3 e4 29. Kg2 Qg6 30. Qg4 Qxg4 31. Nxg4 f5 32. Ne3 Bxe3 33. fxe3
Kf7 34. Rf1 Kf6 35. g4 g6 36. d6 Red8 37. gxf5 gxf5 38. Rc7 Ke6 39. Rfc1 Rg8+
40. Kf2 Rcd8 41. Re7+ Kxd6 42. Rxb7 Rb8 43. Rcc7 Rxb7 44. Rxb7 Rc8 45. Rb6+ Ke5
46. Rxa6 Rc2+ 47. Kg3 Rxb2 48. Ra5+ 1/2-1/2

[Event "?"]
[Site "?"]
[Date "????.??.??"]
[Round "?"]
[White "Nielsen, P."]
[Black "Braun, G."]
[Result "0-1"]
[WhiteElo "2114"]
[BlackElo "2215"]
[PlyCount "100"]
[EventDate "2010.??.??"]
[WhiteTeam "Dänemark 1"]
[BlackTeam "Leipzig"]

1. c4 e5 2. Nc3 Be7 3. g3 f5 4. Bg2 Nf6 5. d3 O-O 6. Nf3 d6 7. O-O Qe8 8. Qb3
Na6 9. a3 Nc5 10. Qc2 a5 11. Be3 e4 12. Nd4 exd3 13. exd3 Ng4 14. Bd2 a4 15.
Rae1 Qh5 16. h3 Ne5 17. f4 Ng6 18. Nd5 Bd8 19. Bc3 c6 20. Ne3 Bb6 21. Kh2 Bd7
22. Nf3 Rae8 23. d4 Nb3 24. Qd3 Re7 25. Ng5 Nh8 26. c5 dxc5 27. Qc4+ Nf7 28.
Qxa4 Nxd4 29. Nf3 Rfe8 30. Nc2 Rxe1 31. Ncxe1 Nb5 32. Qc2 Be6 33. Ne5 Nxc3 34.
Bf3 Qh6 35. Qxc3 Nxe5 36. Qxe5 Qg6 37. Qc3 Bd5 38. Bd1 c4 39. Nf3 Bc7 40. Re1
b5 41. Nh4 Rxe1 42. Qxe1 Qe6 43. Qxe6+ Bxe6 44. Bf3 c5 45. Ng2 Kf7 46. Ne3 Ba5
47. Bc6 Bd2 48. Nd1 b4 49. Kg2 c3 50. axb4 c2 0-1

[Event "?"]
[Site "?"]
[Date "????.??.??"]
[Round "?"]
[White "Gundersen, H."]
[Black "Krueger, E."]
[Result "0-1"]
[WhiteElo "2220"]
[BlackElo "2248"]
[PlyCount "76"]
[EventDate "2010.??.??"]
[WhiteTeam "Norwegen 1"]
[BlackTeam "Sfr. Katernberg"]

1. b3 e5 2. Bb2 Nc6 3. e3 Nf6 4. Bb5 d6 5. c4 Bd7 6. Nc3 Be7 7. d4 O-O 8. Nge2
Re8 9. O-O Bf8 10. dxe5 dxe5 11. Nd5 Ne4 12. Nec3 Nd6 13. c5 Nxb5 14. Nxb5 Rc8
15. Rc1 a6 16. Na3 Bf5 17. Qd2 Be4 18. Rfd1 Qg5 19. f4 exf4 20. Nxf4 Bxc5 21.
Kh1 Rcd8 22. Qe2 Rxd1+ 23. Rxd1 Bxe3 24. Nh5 Nd4 25. Qf1 Qxh5 26. Bxd4 Bxd4 27.
Rxd4 Bxg2+ 28. Kxg2 Re2+ 29. Kg3 Qxh2+ 30. Kf3 Qh5+ 31. Rg4 Re6 32. Qc4 Qh3+
33. Kf2 Qe3+ 34. Kg2 Qd2+ 35. Kh3 Rh6+ 36. Rh4 Qe3+ 37. Kg2 Rf6 38. Qc2 Rg6+
0-1

[Event "?"]
[Site "?"]
[Date "????.??.??"]
[Round "?"]
[White "Neese, H."]
[Black "Harestad, T."]
[Result "1-0"]
[WhiteElo "2246"]
[BlackElo "2215"]
[PlyCount "161"]
[EventDate "2010.??.??"]
[WhiteTeam "Sfr. Katernberg"]
[BlackTeam "Norwegen 1"]

1. d4 Nf6 2. Nf3 g6 3. c4 Bg7 4. Nc3 O-O 5. e4 d6 6. h3 e5 7. d5 Nbd7 8. Be3
Nc5 9. Nd2 a5 10. Be2 Bd7 11. Qc2 c6 12. O-O Rc8 13. Nb3 b6 14. Nxc5 bxc5 15.
Rad1 cxd5 16. Nxd5 Nxd5 17. Rxd5 Bc6 18. Rd2 Qe7 19. Rfd1 Rcd8 20. f3 f5 21.
Bd3 f4 22. Bf2 g5 23. Kf1 h5 24. Ke2 Bf6 25. Rh1 Rb8 26. Qc3 a4 27. Bc2 Qe6 28.
b3 Bd8 29. Rdd1 Ra8 30. b4 cxb4 31. Qxb4 Bc7 32. Bd3 Rfb8 33. Qa3 Kg7 34. Rb1
Bd8 35. Rhc1 Be7 36. Rd1 Be8 37. Qc3 Bf7 38. a3 Bd8 39. Rb2 Rxb2+ 40. Qxb2 Kf6
41. Qb7 Qc8 42. Qb4 Be7 43. Rb1 Be6 44. Qc3 Qc7 45. Qc2 Kf7 46. Rb4 Bd7 47. Qb2
Bc6 48. Rb6 Bd8 49. c5 Qd7 50. Bc4+ Kg6 51. Rb8 Qc7 52. Rxa8 Bxa8 53. Qb4 dxc5
54. Bxc5 Bc6 55. Bd6 Qa7 56. Bc5 Qd7 57. Qb8 Kf6 58. Bd6 Qe8 59. Bxe5+ Qxe5 60.
Qxd8+ Qe7 61. Qb6 Qb7 62. Qxb7 Bxb7 63. Bb5 Ke5 64. Bxa4 Ba6+ 65. Kf2 Kd4 66.
g3 h4 67. gxh4 gxh4 68. Bd7 Ke5 69. Ke1 Kd6 70. Bg4 Kc5 71. Kd2 Kd4 72. Bd7 Bf1
73. a4 Ba6 74. a5 Bc4 75. Bc8 Kc5 76. Kc3 Be2 77. Bg4 Ba6 78. e5 Kd5 79. e6 Kd6
80. Kd4 Bb7 81. e7 1-0

[Event "?"]
[Site "?"]
[Date "????.??.??"]
[Round "?"]
[White "White, A."]
[Black "Niebling, F."]
[Result "1-0"]
[WhiteElo "2123"]
[BlackElo "2197"]
[PlyCount "73"]
[EventDate "2010.??.??"]
[WhiteTeam "Schottland 1"]
[BlackTeam "Hessen 1"]

1. e4 e6 2. d4 d5 3. Nd2 Nf6 4. Bd3 c5 5. c3 Nc6 6. Ngf3 Be7 7. O-O O-O 8. dxc5
Bxc5 9. exd5 exd5 10. h3 Qd6 11. b4 Bb6 12. Nc4 Qd8 13. Nxb6 Qxb6 14. b5 Ne7
15. Be3 Qc7 16. Qc2 Ng6 17. Bd4 Nh5 18. Rfe1 Nhf4 19. Be5 Nxe5 20. Rxe5 Nxd3
21. Qxd3 h6 22. Rae1 Be6 23. Nd4 Qb6 24. Qg3 Rac8 25. Nxe6 fxe6 26. Rxe6 Qxb5
27. Rxh6 Qc5 28. Re3 Rc6 29. Rh5 Rcf6 30. Qh4 Kf7 31. Rh7 d4 32. cxd4 Qf5 33.
Re5 Qb1+ 34. Kh2 Qc2 35. Rc5 Qxf2 36. Rc7+ Ke6 37. Qe4+ 1-0

[Event "?"]
[Site "?"]
[Date "????.??.??"]
[Round "?"]
[White "Postler, R."]
[Black "Norman, K."]
[Result "1-0"]
[WhiteElo "2325"]
[BlackElo "2172"]
[PlyCount "61"]
[EventDate "2010.??.??"]
[WhiteTeam "Berlin"]
[BlackTeam "England 1"]

1. e4 e5 2. Nf3 Nc6 3. Bb5 a6 4. Ba4 Nf6 5. O-O Be7 6. Re1 b5 7. Bb3 d6 8. c3
O-O 9. d3 Na5 10. Bc2 c5 11. Nbd2 Re8 12. Nf1 h6 13. Ng3 Bf8 14. h3 Nc6 15. Nh2
g6 16. f4 exf4 17. Bxf4 Bg7 18. Nf3 Be6 19. d4 cxd4 20. cxd4 d5 21. e5 Nd7 22.
Qd2 Qb6 23. Kh1 h5 24. Bh6 Nf8 25. Bxg7 Kxg7 26. Qg5 Kh8 27. Qh6+ Kg8 28. Nxh5
gxh5 29. Ng5 Nxd4 30. Bh7+ Nxh7 31. Nxh7 1-0

[Event "?"]
[Site "?"]
[Date "????.??.??"]
[Round "?"]
[White "Scholes, J."]
[Black "Lieb, H."]
[Result "0-1"]
[WhiteElo "2115"]
[BlackElo "2249"]
[PlyCount "86"]
[EventDate "2010.??.??"]
[WhiteTeam "England 1"]
[BlackTeam "Berlin"]

1. c4 Nf6 2. Nc3 c6 3. e4 e5 4. Nf3 d6 5. h3 g6 6. d3 Bg7 7. Be3 O-O 8. Qd2 Re8
9. Be2 Nbd7 10. O-O Nf8 11. Rfe1 Ne6 12. Rad1 c5 13. Nd5 Nxd5 14. cxd5 Nc7 15.
Bh6 f5 16. Bxg7 Kxg7 17. Nh2 f4 18. Bg4 Bxg4 19. hxg4 Qh4 20. f3 a5 21. Qf2 Qg5
22. g3 Rf8 23. Kg2 Nb5 24. gxf4 Rxf4 25. Qg3 Nd4 26. Rf1 Raf8 27. Rf2 a4 28.
Rb1 b5 29. b4 axb3 30. axb3 b4 31. Rbb2 Ra8 32. Ra2 Rxa2 33. Rxa2 Nxb3 34. Ra7+
Rf7 35. Ra6 Rd7 36. Nf1 Nc1 37. Qe1 Nxd3 38. Qa1 Qc1 39. Qa4 Qb2+ 40. Kh3 Nf4+
41. Kh4 Qf2+ 42. Ng3 Qh2+ 43. Kg5 h6# 0-1

[Event "?"]
[Site "?"]
[Date "????.??.??"]
[Round "?"]
[White "Thormann, W."]
[Black "Wheeler, J."]
[Result "1-0"]
[WhiteElo "2273"]
[BlackElo "2129"]
[PlyCount "45"]
[EventDate "2010.??.??"]
[WhiteTeam "Berlin"]
[BlackTeam "England 1"]

1. Nf3 Nf6 2. d4 g6 3. Bg5 Bg7 4. Nbd2 O-O 5. c3 d6 6. e3 Nbd7 7. Bc4 e5 8. O-O
c6 9. Bb3 Qc7 10. Rc1 b6 11. h3 Ba6 12. Re1 Rfe8 13. Nh2 Nf8 14. Bxf6 Bxf6 15.
Ng4 Bg7 16. Ne4 Qe7 17. dxe5 dxe5 18. Qf3 Red8 19. Ng5 h5 20. Nxf7 hxg4 21.
Nxd8+ Kh7 22. Nxc6 Qc7 23. hxg4 1-0

[Event "?"]
[Site "?"]
[Date "????.??.??"]
[Round "?"]
[White "Fleuch, H."]
[Black "Anguera Maestro, J."]
[Result "1/2-1/2"]
[WhiteElo "2121"]
[BlackElo "2217"]
[PlyCount "65"]
[EventDate "2010.??.??"]
[WhiteTeam "Stiftg BSW/DBAG 1"]
[BlackTeam "Catalonia"]
[BlackTeamCountry "CAT"]

1. e4 d5 2. Nc3 d4 3. Nce2 e5 4. Ng3 Be6 5. Bb5+ Nd7 6. Bxd7+ Qxd7 7. Nf3 f6 8.
d3 Ne7 9. Nh4 g5 10. Nh5 Ng8 11. Nf5 Bxf5 12. exf5 Qxf5 13. g4 Qe6 14. Qe2
O-O-O 15. Bd2 Ne7 16. h3 Nd5 17. Qe4 Kb8 18. O-O Qf7 19. Ng3 Qg6 20. Qf5 Nf4
21. Bxf4 gxf4 22. Ne4 Be7 23. f3 Rdg8 24. Kh2 h5 25. Qxg6 Rxg6 26. Rg1 hxg4 27.
fxg4 Rgh6 28. Nf2 f5 29. gxf5 Bh4 30. Ng4 Bg3+ 31. Kg2 Rh5 32. f6 Rf8 33. Kf3
1/2-1/2

[Event "?"]
[Site "?"]
[Date "????.??.??"]
[Round "?"]
[White "Poyato Sala, J."]
[Black "Just, J."]
[Result "1-0"]
[WhiteElo "2216"]
[BlackElo "2029"]
[PlyCount "77"]
[EventDate "2010.??.??"]
[WhiteTeam "Catalonia"]
[BlackTeam "Stiftg BSW/DBAG 1"]
[WhiteTeamCountry "CAT"]

1. d4 d5 2. c4 c6 3. Nf3 Nf6 4. Nc3 g6 5. Bg5 Bg7 6. e3 Bg4 7. Qb3 Bxf3 8. gxf3
Qb6 9. Bxf6 Bxf6 10. cxd5 Qxb3 11. axb3 O-O 12. Bd3 Rd8 13. dxc6 Nxc6 14. Ke2
Bxd4 15. exd4 Nxd4+ 16. Ke3 Nxb3 17. Ra3 Nc5 18. Rd1 e5 19. Be4 Rxd1 20. Nxd1
Nxe4 21. fxe4 a6 22. Nc3 Rc8 23. Ra5 Re8 24. Rc5 f5 25. Rc7 f4+ 26. Ke2 g5 27.
Nd5 Re6 28. Rxb7 Rh6 29. Re7 Rxh2 30. Rxe5 h6 31. Rf5 Rh3 32. Nc3 Rh1 33. e5
f3+ 34. Rxf3 Rh4 35. e6 Rb4 36. e7 Rxb2+ 37. Kf1 Rb8 38. Na4 g4 39. Rf4 1-0

[Event "?"]
[Site "?"]
[Date "????.??.??"]
[Round "?"]
[White "Kratschmer, H."]
[Black "Bold, K."]
[Result "1-0"]
[WhiteElo "2160"]
[BlackElo "2149"]
[PlyCount "67"]
[EventDate "2010.??.??"]
[WhiteTeam "Steiermark"]
[BlackTeam "Pfalz"]

1. d4 d5 2. Nf3 c5 3. e3 Nc6 4. c3 e6 5. Bd3 Nf6 6. Nbd2 Be7 7. O-O O-O 8. dxc5
Bxc5 9. e4 dxe4 10. Nxe4 Nxe4 11. Bxe4 Qxd1 12. Rxd1 Be7 13. Bf4 Nb8 14. Bd6
Bxd6 15. Rxd6 f5 16. Bc2 Na6 17. Rad1 Nc7 18. Ne5 b6 19. Bb3 Re8 20. c4 g6 21.
Ba4 Re7 22. Bc6 Rb8 23. Rd8+ Kg7 24. Bd7 Bxd7 25. Rxb8 Be8 26. Rdd8 Kf6 27. f4
g5 28. g3 gxf4 29. gxf4 Rg7+ 30. Kf2 Bh5 31. Rf8+ Ke7 32. Nc6+ Kd6 33. Nxa7 Kc5
34. Rfc8 1-0

[Event "?"]
[Site "?"]
[Date "????.??.??"]
[Round "?"]
[White "Keller, L."]
[Black "Pitzl, K."]
[Result "0-1"]
[WhiteElo "2086"]
[BlackElo "2108"]
[PlyCount "56"]
[EventDate "2010.??.??"]
[WhiteTeam "Pfalz"]
[BlackTeam "Steiermark"]

1. e4 d6 2. d4 Nf6 3. Nc3 g6 4. f4 Bg7 5. Nf3 O-O 6. Bd3 c5 7. dxc5 dxc5 8. Be3
Qa5 9. Bd2 Nc6 10. Qe2 Bg4 11. Nd5 Qd8 12. Nxf6+ Bxf6 13. c3 Qb6 14. Rb1 Rad8
15. Be3 Bxf3 16. gxf3 Qa5 17. O-O e6 18. Bc4 a6 19. a3 b5 20. Ba2 c4 21. Qf2
Rd6 22. Bb6 Qa4 23. Qc5 Nd4 24. e5 Ne2+ 25. Kh1 Bh4 26. b3 cxb3 27. Rxb3 Qxf4
28. Rb4 Qh6 0-1

[Event "?"]
[Site "?"]
[Date "????.??.??"]
[Round "?"]
[White "Liebert, H."]
[Black "Happel, H."]
[Result "1-0"]
[WhiteElo "2255"]
[BlackElo "2181"]
[PlyCount "51"]
[EventDate "2010.??.??"]
[WhiteTeam "Sachsen-Anhalt"]
[BlackTeam "Kgl SV  Den Haag"]

1. c4 Nf6 2. Nf3 e6 3. g3 d5 4. Bg2 Be7 5. O-O O-O 6. d4 c6 7. Qc2 b6 8. Nbd2
Ba6 9. b3 Nbd7 10. Bb2 Rc8 11. e4 c5 12. exd5 exd5 13. dxc5 dxc4 14. Nxc4 Bxc5
15. Rad1 Qc7 16. Nfe5 b5 17. Nxd7 Nxd7 18. Qf5 bxc4 19. Rxd7 Qb6 20. Bd5 Qg6
21. Qxg6 hxg6 22. bxc4 Rb8 23. Bc3 Bc8 24. Rc7 Bb6 25. Rc6 Bd7 26. Rxg6 1-0